Southville International School and Colleges
Your cart is empty.
  • Cart
  • Lists
    Public lists Eva Luna New books Lux_list list_1
    Your lists Log in to create your own lists
  • Log in to your account
  • Your cookies
  • Search history
Southville International School and Colleges
  • Advanced search
  • Recent comments
  • Most popular
  • Libraries

Log in to your account

Log in with GOOGLE


If you do not have an external account, but do have a local account, you can still log in:

  1. Home
  2. MARC view: Better homes and gardens hearts to stitch and craft /
Normal view MARC view ISBD view

Better homes and gardens hearts to stitch and craft / (Record no. 12507)

[ view plain ]
MARC details
000 -LEADER
fixed length control field 00528nam a22001817a 4500
003 - CONTROL NUMBER IDENTIFIER
control field OSt
005 - DATE AND TIME OF LATEST TRANSACTION
control field 20140310182358.0
008 - FIXED-LENGTH DATA ELEMENTS--GENERAL INFORMATION
fixed length control field 131001t xxu||||| |||| 00| 0 eng d
020 ## - INTERNATIONAL STANDARD BOOK NUMBER
International Standard Book Number 9780901577788
050 ## - LIBRARY OF CONGRESS CALL NUMBER
Classification number TT 490
Item number .H436 1984
082 ## - DEWEY DECIMAL CLASSIFICATION NUMBER
Classification number TR 370.19
Item number W15 2002
100 ## - MAIN ENTRY--PERSONAL NAME
Personal name Bernards, Nor
9 (RLIN) 22444
245 ## - TITLE STATEMENT
Title Better homes and gardens hearts to stitch and craft /
Statement of responsibility, etc Nor Bernards
260 ## - PUBLICATION, DISTRIBUTION, ETC. (IMPRINT)
Place of publication, distribution, etc Des Moines, Iowa :
Name of publisher, distributor, etc Meredith Corp.,
Date of publication, distribution, etc 1984.
300 ## - PHYSICAL DESCRIPTION
Extent 79 p. :
Other physical details ill. ;
Dimensions 28 cm.
942 ## - ADDED ENTRY ELEMENTS (KOHA)
Source of classification or shelving scheme Library of Congress Classification
Koha item type
Holdings
Withdrawn status Lost status Source of classification or shelving scheme Damaged status Home library Current library Shelving location Date acquired Total Checkouts Full call number Barcode Date last seen Copy number Price effective from Koha item type
    Library of Congress Classification   Luxembourg Library Luxembourg Library Teachers Reference Section 10/01/2013   TT 490 .H436 1984 14960 10/01/2013 1 10/01/2013 Books

Better homes and gardens hearts to stitch and craft /

APA

Bernards N., . (1984). Better homes and gardens hearts to stitch and craft. Des Moines, Iowa: Meredith Corp.

Chicago

Bernards Nor, . 1984. Better homes and gardens hearts to stitch and craft. Des Moines, Iowa: Meredith Corp.

Harvard

Bernards N., . (1984). Better homes and gardens hearts to stitch and craft. Des Moines, Iowa: Meredith Corp.

MLA

Bernards Nor, . Better homes and gardens hearts to stitch and craft. Des Moines, Iowa: Meredith Corp. 1984.

  • Place hold
  • Print
  • Cite
  • Add to your cart (remove)
  • Save record
    BIBTEX Dublin Core MARCXML MARC (non-Unicode/MARC-8) MARC (Unicode/UTF-8) MARC (Unicode/UTF-8, Standard) MODS (XML) RIS
  • More searches
    Search for this title in:
    Other Libraries (WorldCat) Other Databases (Google Scholar) Online Stores (Bookfinder.com) Open Library (openlibrary.org)

Exporting to Dublin Core...

SOUTHVILLE LIBRARY

Southville International School and Colleges Library

1281 Tropical Ave. Cor. Luxembourg St., BF Homes International, Las Pinas City

Tel. No. 8256374 / 252358 Loc. 117/146

Powered by Koha